|
|
|
|
| LEADER |
00000nam a22000007a 4500 |
| 005 |
20120320133023.0 |
| 007 |
cr|||| ||| |
| 008 |
120320s1949 br |||||s|||| 00||0 por d |
| 035 |
|
|
|a 6266
|
| 040 |
|
|
|a vLex
|
| 090 |
|
|
|c 3066
|d 3066
|
| 100 |
1 |
|
|a Barbosa de Oliveira, Ruy
|
| 245 |
1 |
0 |
|a Parecer sobre a redaȯ̂ do Cd̤igo Civil
|h [Recurso electrn̤ico] /
|c Ruy Barbosa de Oliveira
|p V. 29, t. 1 (1902)
|
| 256 |
|
|
|a Servicio en ln̕ea
|
| 260 |
|
|
|a Rio de janeiro:
|b Fundaȯ̂ Casa de Rui Barbosa,
|c 1949
|
| 300 |
|
|
|a 1 recurso electrn̤ico
|
| 500 |
|
|
|a Dentro de : Obras completas de Rui Barbosa
|
| 506 |
0 |
|
|a Contenido solo disponible en los productos indicados
|d vLex Global
|d vLex Global (Academic Edition, excluding Law Schools)
|d vLex Global (U.S. Academic Edition, Law Schools)
|d vLex Global (U.S. Academic Edition, excluding Law Schools)
|d vLex Global (Academic Edition, Law Schools)
|
| 650 |
0 |
4 |
|a Derecho civil
|z Brasil
|
| 740 |
0 |
|
|a vLex Libros (Servicio en ln̕ea)
|
| 830 |
|
0 |
|a Obras completas de Rui Barbosa
|
| 856 |
4 |
0 |
|u http://vlex.com/source/obras-completas-rui-barbosa-tomo-i-vol-xxix-6266
|z Acceso restringido
|
| 942 |
|
|
|c BOOK
|
| 999 |
0 |
|
|a Civil law
|